GZM linia 808 - Statystyki

Ogólne statystyki
  • Ten quiz został rozwiązany 7 razy
  • Średni wynik to 17 z 23
Statystyki odpowiedzi
miasto przystanek % Poprawnych
Katowice Katowice Piotra Skargi
100%
Dąbrowa Górnicza Dąbrowa Górnicza Centrum
86%
Katowice Dąbrówka Mała Skrzyżowanie
86%
Katowice Katowice Strefa Kultury
86%
Dąbrowa Górnicza Reden
86%
Sosnowiec Sosnowiec Dworzec PKP
86%
Sosnowiec Środula Osiedle
86%
Dąbrowa Górnicza Tworzeń Huta Katowice
86%
Sosnowiec Zagórze Mec
86%
Sosnowiec Zagórze Osiedle
86%
Katowice Dąbrówka Mała Centrum Handlowe
71%
Sosnowiec Sielec Osiedle Zamkowa
71%
Sosnowiec Sielec Wawel
71%
Sosnowiec Sielec Wawel Kościół
71%
Sosnowiec Sosnowiec Egzotarium
71%
Sosnowiec Sosnowiec Osiedle Piastów
71%
Sosnowiec Zagórze Centrum
71%
Sosnowiec Zagórze Hala Sportowa
71%
Dąbrowa Górnicza Dąbrowa Górnicza Aleja Róż
57%
Dąbrowa Górnicza Gołonóg Manhattan
57%
Dąbrowa Górnicza Gołonóg Osiedle Kasprzaka
57%
Dąbrowa Górnicza Reden Komenda Policji
57%
Dąbrowa Górnicza Tworzeń Wiadukt
57%
Nie znaleziono quizów pasujących do podanych kryteriów
Rozkład punktacji
Procent ludzi z każdym wynikiem
Percentyl według liczby udzielonych odpowiedzi
Twoja historia wyników
Nie rozwiązałeś tego quizu